Dizionario degli istituti di perfezione
Spremljeno u:
| Glavni autori: | , |
|---|---|
| Format: | Knjiga |
| Jezik: | talijanski |
| Izdano: |
Roma
Edizioni Paoline
1974
|
| Izdanje: | 1a. ed |
| Teme: | |
| Oznake: |
Dodaj oznaku
Bez oznaka, Budi prvi tko označuje ovaj zapis!
|
MARC
| LEADER | 00000cam a2200000 a 4500 | ||
|---|---|---|---|
| 001 | UCD9412 | ||
| 003 | CL-VaPUC | ||
| 008 | 170616e19740000it |||||||||||||||||ita|d | ||
| 082 | 0 | 4 | |a 473.51 |b PEL |2 21 |
| 100 | 0 | |a Pelliccia, Guerrino |e author |9 593121 | |
| 700 | 0 | |a Rocca, Giancarlo |e author |9 593122 | |
| 245 | 1 | 0 | |a Dizionario degli istituti di perfezione |
| 250 | |a 1a. ed | ||
| 300 | |a v | ||
| 942 | |c BK | ||
| 945 | |d 20170616 21:05:00 |a arojas | ||
| 260 | |a Roma |b Edizioni Paoline |c 1974 | ||
| 500 | |a v.2:Cambiagio - Conventualesimo | ||
| 500 | |a v.3: Conventuali - Figlie di Santa Rita | ||
| 500 | |a v.4: Figlie di Santa Teresa - Intreccialagli | ||
| 500 | |a v.5: Iona - Monachesimo | ||
| 500 | |a v.6: Monachesimo urbano - Pinzoni | ||
| 650 | 0 | |a Diccionarios |9 256200 | |
| 583 | |a last modification |c 20170616 21:05:00 |k Rodrigo Vera | ||
| 999 | |c 368615 |d 368613 | ||
| 952 | |0 0 |1 0 |3 erd |4 0 |6 473_510000000000000_PEL_1974 |7 0 |8 X |9 483978 |a BIBTEO |b BIBTEO |h v.1 |i 5398096 |o 473.51 PEL 1974 |p 5398096 |r 2019-11-24 |w 2019-11-24 |y BK_X |z Catalogado en:20170616 |k ICR | ||
| 952 | |0 0 |1 0 |3 erd |4 0 |6 473_510000000000000_PEL_1974 |7 0 |8 X |9 483979 |a BIBTEO |b BIBTEO |h v.2 |i 539810K |o 473.51 PEL 1974 |p 539810K |r 2019-11-24 |w 2019-11-24 |y BK_X |z Catalogado en:20170616 |k ICR | ||
| 952 | |0 0 |1 0 |3 erd |4 0 |6 473_510000000000000_PEL_1974 |7 0 |8 X |9 483980 |a BIBTEO |b BIBTEO |h v.3 |i 5398118 |o 473.51 PEL 1974 |p 5398118 |r 2019-11-24 |w 2019-11-24 |y BK_X |z Catalogado en:20170616 |k ICR | ||
| 952 | |0 0 |1 0 |3 erd |4 0 |6 473_510000000000000_PEL_1974 |7 0 |8 X |9 483981 |a BIBTEO |b BIBTEO |h v.4 |i 5398126 |o 473.51 PEL 1974 |p 5398126 |r 2019-11-24 |w 2019-11-24 |y BK_X |z Catalogado en:20170616 |k ICR | ||
| 952 | |0 0 |1 0 |3 erd |4 0 |6 473_510000000000000_PEL_1974 |7 0 |8 X |9 483982 |a BIBTEO |b BIBTEO |h v.5 |i 5398134 |o 473.51 PEL 1974 |p 5398134 |r 2019-11-24 |w 2019-11-24 |y BK_X |z Catalogado en:20170616 |k ICR | ||
| 952 | |0 0 |1 0 |3 erd |4 0 |6 473_510000000000000_PEL_1974 |7 0 |8 X |9 483983 |a BIBTEO |b BIBTEO |h v.6 |i 5398142 |o 473.51 PEL 1974 |p 5398142 |r 2019-11-24 |w 2019-11-24 |y BK_X |z Catalogado en:20170616 |k ICR | ||